Argentina; hacia un nuevo ordenamiento territorial /
Guardado en:
| Autor Principal: | |
|---|---|
| Formato: | Libro |
| Publicado: |
Buenos Aires :
Pleamar,
1986
|
| Etiquetas: |
Agregar Etiqueta
Sin Etiquetas, Sea el primero en etiquetar este registro!
|
| LEADER | 00503nam a22001575a 4500 | ||
|---|---|---|---|
| 001 | CEM.cems007166 | ||
| 005 | 20060214000000.0 | ||
| 008 | 130507s1986##################000#0#####d | ||
| 003 | CEMS | ||
| 082 | 0 | 4 | |a 918.2 |
| 100 | 1 | |a Roccatagliata, Juan A. | |
| 245 | 1 | 0 | |a Argentina; hacia un nuevo ordenamiento territorial / |
| 260 | |a Buenos Aires : |b Pleamar, |c 1986 | ||
| 300 | |a 2951 p. | ||
| 859 | |a CEMS |b BIB. CEMS - 11 de abril |h 918.2 |i R581 |p 16888.93 |t Ej.1 | ||
| 859 | |a CEMS |b BIB. CEMS - 11 de abril |h 918.2 |i R581 |p 16889.93 |t Ej.2 | ||
